[Event "Managua Arellano Memorial"]
[Site "Managua"]
[Date "2023.08.05"]
[Round "7"]
[White "Altamirano Beteta, Alexander Jose"]
[Black "Olivares, Odell"]
[Result "1-0"]
[WhiteElo "1537"]
[BlackElo "1445"]
[PlyCount "45"]
[EventDate "2023.07.22"]
[EventType "swiss"]
[EventRounds "9"]
[EventCountry "NCA"]
[SourceTitle "EXT 2024"]
[Source "ChessBase"]
[SourceDate "2023.10.10"]
[SourceVersion "1"]
[SourceVersionDate "2023.10.10"]
[SourceQuality "1"]

1. e4 e5 2. Nf3 Nc6 3. d4 exd4 4. Nxd4 Bc5 5. Be3 Qf6 6. c3 Nge7 7. Be2 Nxd4 8. cxd4 Bb4+ 9. Nc3 0-0 10. 0-0 c6 11. a3 Ba5 12. f4 d6 13. Bd3 Bb6 14. Bc2 Re8 15. e5 dxe5 16. fxe5 Qe6 17. Ne4 Nf5 18. Rxf5 Qxf5 19. Nf6+ Qxf6 20. exf6 Rxe3 21. fxg7 Bd7 22. Qh5 h6 23. Qxh6 1-0

[Event "Managua Arellano Memorial"]
[Site "Managua"]
[Date "2023.07.30"]
[Round "5"]
[White "Altamirano Beteta, Alexander Jose"]
[Black "Ortiz Bermudez, Victor Francisco"]
[Result "1-0"]
[WhiteElo "1537"]
[BlackElo "1381"]
[PlyCount "39"]
[EventDate "2023.07.22"]
[EventType "swiss"]
[EventRounds "9"]
[EventCountry "NCA"]
[SourceTitle "EXT 2024"]
[Source "ChessBase"]
[SourceDate "2023.10.10"]
[SourceVersion "1"]
[SourceVersionDate "2023.10.10"]
[SourceQuality "1"]

1. e4 e5 2. Nf3 d5 3. d4 Nf6 4. exd5 e4 5. Ne5 Qxd5 6. Bc4 Qa5+ 7. Bd2 Qb6 8. Bxf7+ Kd8 9. Bc3 Bb4 10. 0-0 Bxc3 11. bxc3 Be6 12. Nd2 Kc8 13. Rb1 Qa6 14. Bxe6+ Qxe6 15. Re1 Nc6 16. Nxe4 Nxe5 17. Nc5 Qxa2 18. dxe5 Rd8 19. Qf3 Nd5 20. Qf5+ 1-0

[Event "Managua Arellano Memorial"]
[Site "Managua"]
[Date "2023.07.23"]
[Round "2"]
[White "Miranda Jarquin, Eduardo Modesto"]
[Black "Altamirano Beteta, Alexander Jose"]
[Result "1-0"]
[WhiteElo "1652"]
[BlackElo "1537"]
[PlyCount "119"]
[EventDate "2023.07.22"]
[EventType "swiss"]
[EventRounds "9"]
[EventCountry "NCA"]
[SourceTitle "EXT 2024"]
[Source "ChessBase"]
[SourceDate "2023.10.10"]
[SourceVersion "1"]
[SourceVersionDate "2023.10.10"]
[SourceQuality "1"]

1. d4 e6 2. c4 d5 3. Nf3 Nf6 4. Bg5 Be7 5. Nc3 0-0 6. e3 a6 7. c5 Nc6 8. a3 a5 9. Rb1 b6 10. b4 bxc5 11. bxc5 e5 12. Bb5 Na7 13. Nxe5 Nxb5 14. Nxb5 Bb7 15. 0-0 h6 16. Bf4 g5 17. Bg3 Ne4 18. Re1 c6 19. Nd6 Bxd6 20. Rxb7 Bxe5 21. Bxe5 Qc8 22. Rc7 Qf5 23. Qf3 Qxf3 24. gxf3 Nd2 25. Kg2 Rfc8 26. Bg3 Nc4 27. a4 Rxc7 28. Bxc7 Ra7 29. Bb6 Rb7 30. Rb1 f5 31. h4 Kf7 32. hxg5 hxg5 33. Rh1 Kg7 34. Rb1 Kg6 35. Rh1 Rb8 36. Kg3 Nxb6 37. cxb6 Rxb6 38. Rh8 Rb4 39. Rc8 Rc4 40. Ra8 Rxa4 41. Ra6 Rc4 42. Rxa5 Kh5 43. f4 Rc1 44. Ra8 g4 45. Rg8 Rg1+ 46. Kh2 Rc1 47. Kg2 Rc2 48. Kg3 Rc1 49. Rg5+ Kh6 50. Rxf5 Rg1+ 51. Kh2 Rc1 52. Rg5 Rc2 53. Kg3 Rc1 54. Rxg4 Kh5 55. Kf3 Rc2 56. f5 Rb2 57. Rg2 Rb7 58. Kf4 Kh6 59. Ke5 Rb8 60. f6 1-0

[Event "NCA-ch Fase 2"]
[Site "Managua"]
[Date "2022.01.30"]
[Round "5"]
[White "Garcia Martinez, Antonio Jose"]
[Black "Altamirano Beteta, Alexander Jose"]
[Result "0-1"]
[WhiteElo "1870"]
[BlackElo "1492"]
[PlyCount "74"]
[EventDate "2022.01.22"]
[EventType "swiss"]
[EventRounds "9"]
[EventCountry "NCA"]
[SourceTitle "CBM 207 Extra"]
[Source "ChessBase"]
[SourceDate "2022.05.31"]
[SourceVersion "1"]
[SourceVersionDate "2022.05.31"]
[SourceQuality "1"]

1. c4 e6 2. g3 d5 3. Bg2 Nf6 4. Nf3 d4 5. d3 c5 6. 0-0 Nc6 7. Bg5 Bd6 8. Nbd2 h6 9. Bxf6 gxf6 10. e4 e5 11. Nh4 h5 12. Bf3 Be6 13. a3 Qd7 14. Bxh5 f5 15. exf5 Bxf5 16. Nxf5 Qxf5 17. Ne4 Be7 18. g4 Qf4 19. Qd2 Qf3 20. Ng3 0-0-0 21. Qe2 Qf4 22. Qe4 Qxe4 23. Nxe4 f5 24. Ng3 f4 25. Ne4 Rdg8 26. Kh1 Rg7 27. f3 Nd8 28. b4 Ne6 29. bxc5 Nxc5 30. Nxc5 Bxc5 31. Rfb1 b6 32. a4 a5 33. Ra2 Kc7 34. Kg2 Rxh5 35. Kg1 Bb4 36. Rg2 Rh3 37. Rf1 Kc6 0-1

[Event "NCA-ch Fase 2"]
[Site "Managua"]
[Date "2022.01.29"]
[Round "4"]
[White "Martinez Gutierrez, Camila Renata"]
[Black "Altamirano Beteta, Alexander Jose"]
[Result "0-1"]
[WhiteElo "1276"]
[BlackElo "1492"]
[PlyCount "140"]
[EventDate "2022.01.22"]
[EventType "swiss"]
[EventRounds "9"]
[EventCountry "NCA"]
[SourceTitle "CBM 207 Extra"]
[Source "ChessBase"]
[SourceDate "2022.05.31"]
[SourceVersion "1"]
[SourceVersionDate "2022.05.31"]
[SourceQuality "1"]

1. d4 e6 2. Bf4 d5 3. Nf3 Nf6 4. e3 c5 5. Nc3 Nc6 6. Bb5 Qb6 7. Bxc6+ bxc6 8. Rb1 Ba6 9. Ne5 Rc8 10. Nd3 cxd4 11. exd4 Qxd4 12. Be3 Qh4 13. Qd2 Be7 14. 0-0 d4 15. Bg5 dxc3 16. Bxh4 cxd2 17. Bg5 Ne4 18. Be3 0-0 19. Bxa7 c5 20. Rfd1 Rc6 21. Ne5 Rc7 22. Bb6 Rb7 23. Ba5 Be2 24. Rxd2 Nxd2 25. Bxd2 Bf6 26. Bc3 Bxe5 27. Bxe5 Rd8 28. h4 Rd1+ 29. Rxd1 Bxd1 30. c4 Ra7 31. a3 Bb3 32. Bd6 Ra4 33. Bxc5 Rxc4 34. Be7 f6 35. g3 Rc1+ 36. Kg2 Bd5+ 37. Kh3 f5 38. g4 Rh1+ 39. Kg3 Rg1+ 40. Kf4 Rxg4+ 41. Ke3 Kf7 42. Bd8 Bb3 43. f3 Rc4 44. Kd3 h6 45. h5 e5 46. Ke3 Bd1 47. Ba5 Rf4 48. Kd2 Bxf3 49. Bb6 Bxh5 50. Be3 Rc4 51. b3 Rc8 52. b4 f4 53. Bc5 Bf3 54. Ke1 Bc6 55. Ke2 h5 56. Bf2 g5 57. Be1 Ke6 58. Bf2 g4 59. Kf1 g3 60. Bc5 h4 61. Kg1 h3 62. Kf1 h2 63. Ke2 Bb5+ 64. Kd2 h1Q 65. Kc3 Kd5 66. Kc2 Kc4 67. Kb2 Qg2+ 68. Kc1 Ba4 69. Kb1 Kb3 70. Kc1 Qc2# 0-1

[Event "NCA-chT 1st Stage"]
[Site "Managua"]
[Date "2021.10.09"]
[Round "7.2"]
[White "Altamirano Beteta, Alexander Jose"]
[Black "Vanegas Lopez, Natanael Emanuel"]
[Result "0-1"]
[WhiteElo "1468"]
[BlackElo "1686"]
[PlyCount "94"]
[EventDate "2021.09.25"]
[EventType "team-swiss"]
[EventRounds "9"]
[EventCountry "NCA"]
[SourceTitle "EXT 2023"]
[Source "ChessBase"]
[SourceDate "2022.10.05"]
[SourceVersion "1"]
[SourceVersionDate "2022.10.05"]
[SourceQuality "1"]
[WhiteTeam "UNI B"]
[BlackTeam "Blitz Friends"]
[WhiteTeamCountry "NCA"]
[BlackTeamCountry "NCA"]

1. e4 e5 2. Nf3 Nc6 3. d4 exd4 4. Nxd4 Bc5 5. Nxc6 bxc6 6. Bd3 Nf6 7. 0-0 h6 8. a3 a5 9. e5 Nd5 10. c4 Nb6 11. Nc3 0-0 12. Qh5 d5 13. Bxh6 gxh6 14. Qxh6 f5 15. exf6 Rxf6 16. Qh7+ Kf8 17. Bg6 Rxg6 18. Qxg6 Qd6 19. Qh7 Be6 20. cxd5 Bxd5 21. Rad1 Re8 22. Qh8+ Kf7 23. Qh7+ Kf8 24. Qf5+ Kg7 25. Rd3 Re6 26. Rc1 Rf6 27. Rg3+ Qxg3 28. Qxf6+ Kxf6 29. hxg3 Bd6 30. Ne2 Nc4 31. b4 axb4 32. axb4 Bxb4 33. Rb1 Bc5 34. Rb7 Bb6 35. Nc3 Nd6 36. Rb8 Ne4 37. Nxe4+ Bxe4 38. Kf1 c5 39. f3 Bd3+ 40. Ke1 c4 41. Kd2 Ba5+ 42. Ke3 Bg6 43. Rb5 Bb6+ 44. Kd2 Bd4 45. Rb7 c3+ 46. Ke2 Bb6 47. g4 c2 0-1

[Event "Managua Ramirez de Arellano Memorial"]
[Site "Managua"]
[Date "2021.08.08"]
[Round "8"]
[White "Fonseca Trana, Norlan Antonio"]
[Black "Altamirano Beteta, Alexander Jose"]
[Result "0-1"]
[WhiteElo "1362"]
[BlackElo "1430"]
[PlyCount "92"]
[EventDate "2021.07.10"]
[EventType "swiss"]
[EventRounds "9"]
[EventCountry "NCA"]
[SourceTitle "EXT 2023"]
[Source "ChessBase"]
[SourceDate "2022.10.05"]
[SourceVersion "1"]
[SourceVersionDate "2022.10.05"]
[SourceQuality "1"]

1. d4 e6 2. Nf3 d5 3. c3 c5 4. Qc2 Nc6 5. e4 dxe4 6. Qxe4 Nf6 7. Qd3 Bd7 8. Be2 Be7 9. 0-0 Qc7 10. Bg5 cxd4 11. cxd4 h6 12. Bh4 Nb4 13. Qb3 Nbd5 14. Nc3 a6 15. Rac1 Qd8 16. Qxb7 Rb8 17. Qxa6 Rxb2 18. Nxd5 Nxd5 19. Bxe7 Nxe7 20. Ne5 0-0 21. Bc4 Rb6 22. Qa7 Bc8 23. Rfd1 Rb7 24. Qa8 Rc7 25. a4 Qd6 26. Qe4 Bb7 27. Qd3 Rd8 28. Ba2 Rxc1 29. Rxc1 Qxe5 30. Bb1 Qf5 31. Rc7 Qxd3 32. Bxd3 Rxd4 33. h3 Rxd3 34. Rxb7 Nd5 35. a5 Ra3 36. Ra7 g5 37. g3 Kg7 38. Kg2 h5 39. Kf1 Ra2 40. Kg2 g4 41. hxg4 hxg4 42. Kf1 Nc3 43. a6 Ra1+ 44. Kg2 Nb5 45. Rb7 Nd4 46. a7 Nf3 0-1

[Event "Managua Ramirez de Arellano Memorial"]
[Site "Managua"]
[Date "2021.07.11"]
[Round "3"]
[White "Altamirano Beteta, Alexander Jose"]
[Black "Olivares, Odell"]
[Result "1/2-1/2"]
[WhiteElo "1430"]
[BlackElo "1614"]
[PlyCount "189"]
[EventDate "2021.07.10"]
[EventType "swiss"]
[EventRounds "9"]
[EventCountry "NCA"]
[SourceTitle "EXT 2023"]
[Source "ChessBase"]
[SourceDate "2022.10.05"]
[SourceVersion "1"]
[SourceVersionDate "2022.10.05"]
[SourceQuality "1"]

1. e4 e6 2. d4 d5 3. e5 c5 4. c3 Nc6 5. Nf3 Qb6 6. Bd3 Bd7 7. Bc2 cxd4 8. cxd4 Bb4+ 9. Nc3 Nge7 10. 0-0 Ng6 11. a3 Be7 12. Be3 Rc8 13. Na4 Qd8 14. Nc5 Bxc5 15. dxc5 0-0 16. b4 Ncxe5 17. Nxe5 Nxe5 18. Bd4 Ng6 19. f4 f6 20. Bc3 Bc6 21. Qd3 a6 22. a4 b5 23. a5 Rf7 24. Rae1 Qd7 25. Bd4 Re8 26. f5 Nf8 27. fxe6 Rxe6 28. Qg3 Rxe1 29. Rxe1 Qc7 30. Qh4 Ng6 31. Qh5 Qf4 32. Qd1 Ne5 33. Rf1 Qg5 34. Rf5 Qg4 35. Qxg4 Nxg4 36. h3 Nh6 37. Rf3 Re7 38. Kf2 Nf7 39. h4 Ne5 40. Rg3 Kh8 41. Bf5 Bd7 42. Bxd7 Rxd7 43. Rc3 Nc6 44. Re3 Kg8 45. Ba1 Nxb4 46. Re6 Kf7 47. Rb6 Nd3+ 48. Ke3 Nxc5 49. Bd4 Re7+ 50. Kf3 Nb3 51. Bc3 d4 52. Bb4 Re3+ 53. Kf4 Re6 54. Rb7+ Kg6 55. h5+ Kxh5 56. Rxg7 d3 57. Rxh7+ Kg6 58. Rd7 d2 59. Bxd2 Nxd2 60. Rxd2 f5 61. Rd4 Re4+ 62. Rxe4 fxe4 63. Kxe4 Kg5 64. Kf3 Kf5 65. Ke3 Kg4 66. Ke4 Kg3 67. Ke3 Kxg2 68. Ke2 Kg1 69. Ke1 Kg2 70. Ke2 Kg3 71. Ke3 Kg4 72. Ke4 Kg5 73. Ke5 Kg6 74. Ke4 Kf6 75. Kd5 Ke7 76. Ke5 Kd7 77. Kd5 Kc7 78. Kc5 Kb7 79. Kd5 Kc7 80. Kc5 Kd7 81. Kd5 b4 82. Kc4 b3 83. Kxb3 Kc6 84. Kb4 Kd5 85. Ka4 Kc5 86. Ka3 Kb5 87. Kb3 Kxa5 88. Ka3 Kb5 89. Kb3 a5 90. Ka3 a4 91. Ka2 Kb4 92. Kb2 a3+ 93. Ka2 Ka4 94. Kb1 Kb3 95. Ka1 1/2-1/2

[Event "Managua Gomez Argenal Memorial"]
[Site "Managua"]
[Date "2021.06.20"]
[Round "8"]
[White "Avalos, Carlos"]
[Black "Altamirano Beteta, Alexander Jose"]
[Result "1-0"]
[WhiteElo "1844"]
[BlackElo "1414"]
[PlyCount "95"]
[EventDate "2021.05.29"]
[EventType "swiss"]
[EventRounds "9"]
[EventCountry "NCA"]
[SourceTitle "EXT 2022"]
[Source "ChessBase"]
[SourceDate "2021.10.06"]
[SourceVersion "1"]
[SourceVersionDate "2021.10.06"]
[SourceQuality "1"]

1. b3 e6 2. Bb2 d5 3. e3 c5 4. Nf3 Nc6 5. d4 Nf6 6. Nbd2 Be7 7. g3 0-0 8. Bg2 b6 9. 0-0 Bb7 10. Re1 Re8 11. Ne5 Qc7 12. f4 Rac8 13. c3 Bf8 14. Rc1 Qe7 15. Qe2 Nd7 16. Bh3 f6 17. Nxd7 Qxd7 18. Qg4 Nd8 19. Nf3 Rc7 20. Bf1 a6 21. Bd3 Qf7 22. Qh3 g6 23. g4 Bc8 24. Qg2 b5 25. g5 Bb7 26. gxf6 Qxf6 27. Ne5 c4 28. Bb1 a5 29. Rf1 Bh6 30. Ng4 Qh4 31. Rf3 Bf8 32. Qg3 Qe7 33. Ne5 Qg7 34. Qf2 b4 35. Rg3 Bc8 36. Bxg6 hxg6 37. Rxg6 Qxg6+ 38. Nxg6 Rg7 39. Qg3 Kh7 40. Qh4+ Kxg6 41. Kf2 Kf7 42. Qh5+ Ke7 43. cxb4 Nc6 44. b5 Nb4 45. Ba3 Kd7 46. Bxb4 Bxb4 47. bxc4 dxc4 48. Rxc4 1-0

[Event "NCA-chT 1st Stage"]
[Site "Managua"]
[Date "2020.10.11"]
[Round "9.22"]
[White "Altamirano Beteta, Alexander Jose"]
[Black "Alfaro Caracas, William"]
[Result "0-1"]
[WhiteElo "1422"]
[BlackElo "2135"]
[PlyCount "48"]
[EventDate "2020.10.03"]
[EventType "team-swiss"]
[EventRounds "9"]
[EventCountry "NCA"]
[SourceTitle "EXT 2022"]
[Source "ChessBase"]
[SourceDate "2021.10.06"]
[SourceVersion "1"]
[SourceVersionDate "2021.10.06"]
[SourceQuality "1"]

1. e4 c5 2. Nf3 Nc6 3. c3 Nf6 4. d3 e5 5. Be3 d5 6. exd5 Nxd5 7. Be2 Be7 8. 0-0 0-0 9. c4 Nc7 10. Nc3 f5 11. a3 Kh8 12. Qc2 b6 13. Rad1 Bb7 14. b3 Ne6 15. Bc1 Ncd4 16. Qb2 Nxf3+ 17. gxf3 Nd4 18. f4 Qd6 19. f3 exf4 20. Nd5 Bxd5 21. cxd5 Bf6 22. Qa2 Rae8 23. Rf2 Qxd5 24. Bxf4 Rxe2 0-1

[Event "NCA-chT 1st Stage"]
[Site "Managua"]
[Date "2020.10.03"]
[Round "1.6"]
[White "Altamirano Beteta, Alexander Jose"]
[Black "Granados Ortiz, Fidel"]
[Result "0-1"]
[WhiteElo "1422"]
[BlackElo "2013"]
[PlyCount "99"]
[EventDate "2020.10.03"]
[EventType "team-swiss"]
[EventRounds "9"]
[EventCountry "NCA"]
[SourceTitle "EXT 2022"]
[Source "ChessBase"]
[SourceDate "2021.10.06"]
[SourceVersion "1"]
[SourceVersionDate "2021.10.06"]
[SourceQuality "1"]

1. e4 Nf6 2. Nc3 d5 3. exd5 Nxd5 4. Nxd5 Qxd5 5. Nf3 Bg4 6. Be2 Nc6 7. h3 Bh5 8. d3 0-0-0 9. Be3 e5 10. c3 f6 11. Qc2 Be7 12. a3 Bg6 13. Rd1 h5 14. b4 Bh7 15. c4 Qe6 16. Qa4 Kb8 17. d4 exd4 18. Nxd4 Nxd4 19. Rxd4 Rxd4 20. Bxd4 a6 21. Qb3 f5 22. Qg3 Rg8 23. Qe5 Qf7 24. Be3 Bf6 25. Qc5 Bc3+ 26. Kf1 b6 27. Qc6 Qf6 28. Qxf6 Bxf6 29. Bxh5 g5 30. g3 Rd8 31. Kg2 Rd3 32. a4 Bg8 33. Rc1 Rb3 34. Bd2 Rb2 35. Bc3 Bxc3 36. Rxc3 Rxb4 37. Re3 Bxc4 38. Re8+ Kb7 39. Bf3+ c6 40. Re7+ Kc8 41. Bxc6 Bb3 42. Rg7 g4 43. hxg4 fxg4 44. Bd7+ Kd8 45. Bxg4 Bxa4 46. Ra7 a5 47. f3 Bc6 48. Kf2 a4 49. Be6 b5 50. Ke3 0-1

[Event "Managua Gomez Argenal Memorial"]
[Site "Managua"]
[Date "2020.06.14"]
[Round "5"]
[White "Altamirano Beteta, Alexander Jose"]
[Black "Vanegas Lopez, Natanael Emanuel"]
[Result "0-1"]
[WhiteElo "1473"]
[BlackElo "1371"]
[PlyCount "68"]
[EventDate "2020.06.06"]
[EventType "swiss"]
[EventRounds "9"]
[EventCountry "NCA"]
[SourceTitle "CBM 197 Extra"]
[Source "ChessBase"]
[SourceDate "2020.09.30"]
[SourceVersion "1"]
[SourceVersionDate "2020.09.30"]
[SourceQuality "1"]

1. e4 e5 2. Nf3 Nf6 3. Nc3 Nc6 4. d4 exd4 5. Nxd4 d6 6. Be2 Nxd4 7. Qxd4 Be7 8. 0-0 0-0 9. Be3 b6 10. Qd1 Bb7 11. f3 a6 12. Qe1 Qd7 13. Rd1 Qc8 14. Bd3 d5 15. exd5 Nxd5 16. Nxd5 Bxd5 17. Bxh7+ Kxh7 18. Rxd5 Qe6 19. Rd3 Rfe8 20. Qf2 Bd6 21. Re1 Re7 22. Kf1 Rae8 23. b3 Kg8 24. g4 Bf4 25. Re2 Bxe3 26. Rdxe3 Qxe3 27. Rxe3 Rxe3 28. Qg3 Rc3 29. Qf4 Rxc2 30. Qa4 Ree2 31. Qxa6 Rxh2 32. Qa8+ Kh7 33. Qe4+ g6 34. Kg1 Rhe2 0-1

[Event "NCA-chT fase1"]
[Site "Managua"]
[Date "2019.10.06"]
[Round "5.2"]
[White "Altamirano Beteta, Alexander Jose"]
[Black "Godoy Barbosa, Jaime"]
[Result "1-0"]
[WhiteElo "1447"]
[BlackElo "1514"]
[PlyCount "93"]
[EventDate "2019.09.28"]
[EventType "team-swiss"]
[EventRounds "9"]
[EventCountry "NCA"]
[SourceTitle "CBM 194 Extra"]
[Source "ChessBase"]
[SourceDate "2020.03.31"]
[SourceVersion "1"]
[SourceVersionDate "2020.03.31"]
[SourceQuality "1"]
[WhiteTeam "Sandino"]
[BlackTeam "Sunrise CC"]
[WhiteTeamCountry "NCA"]
[BlackTeamCountry "NCA"]

1. e4 g6 2. d4 Bg7 3. Nf3 d6 4. Be2 Nd7 5. 0-0 e5 6. c3 Ngf6 7. Bd3 0-0 8. Re1 a6 9. Bc2 h6 10. Be3 Ng4 11. Bd2 exd4 12. cxd4 Ngf6 13. Nc3 Nb6 14. Bb3 Bg4 15. h3 Bd7 16. Qc2 Kh7 17. Re2 a5 18. a4 Be6 19. d5 Bd7 20. Rae1 Ng8 21. Bf4 Qf6 22. Bg3 Rac8 23. e5 dxe5 24. Nxe5 Qf5 25. Qd2 Nf6 26. Bc2 Qh5 27. Nxd7 Nfxd7 28. d6 c6 29. Be4 Qc5 30. Bc2 Qd4 31. Qc1 f5 32. Rd1 Qb4 33. Bf4 Nf6 34. Re7 Nbd5 35. Nxd5 Nxd5 36. Rxg7+ Kxg7 37. Bxh6+ Kf7 38. Bxf8 Rxf8 39. d7 Qd6 40. Qh6 Ke7 41. Qg7+ Kd8 42. Qc3 Kxd7 43. Qxa5 Re8 44. Qa7 Rb8 45. a5 Kc8 46. Bd3 Nb4 47. Bxf5+ 1-0

[Event "Managua Ramirez de Arellano Memorial"]
[Site "Managua"]
[Date "2019.07.14"]
[Round "2"]
[White "Ruiz Treminio, Bismark"]
[Black "Altamirano Beteta, Alexander Jose"]
[Result "0-1"]
[WhiteElo "1139"]
[BlackElo "1447"]
[PlyCount "134"]
[EventDate "2019.07.13"]
[EventType "swiss"]
[EventRounds "9"]
[EventCountry "NCA"]
[SourceTitle "EXT 2020"]
[Source "ChessBase"]
[SourceDate "2019.10.17"]
[SourceVersion "1"]
[SourceVersionDate "2019.10.17"]
[SourceQuality "1"]

1. e4 e6 2. Nf3 d5 3. Bd3 c5 4. c4 d4 5. e5 Nc6 6. Qc2 Nge7 7. Be4 Bd7 8. a3 a5 9. d3 Ng6 10. Bxg6 fxg6 11. Bf4 Be7 12. Nbd2 0-0 13. Bg3 a4 14. 0-0 Na5 15. Qd1 b5 16. b3 axb3 17. Nxb3 bxc4 18. Nxa5 Rxa5 19. dxc4 Ba4 20. Qb1 Qc7 21. Ra2 Bc6 22. Qd3 Raa8 23. Rb1 Rf7 24. Nd2 Raf8 25. Ne4 Qa7 26. f3 Bxe4 27. Qxe4 Bg5 28. Bf2 Qa6 29. Rb5 Rc7 30. a4 Rfc8 31. a5 Rf7 32. Qd3 Bd8 33. Be1 Qc6 34. Qa3 Ra8 35. Qb3 Bc7 36. Bg3 g5 37. Qa3 d3 38. Rd2 Rd7 39. Rxd3 Bxa5 40. Rxa5 Rxa5 41. Qxa5 Rxd3 42. h3 h5 43. Bf2 h4 44. Bxc5 Qb7 45. Qb6 Qxb6 46. Bxb6 Kf7 47. Kf2 Rd2+ 48. Kf1 Ke8 49. Be3 Rc2 50. Bxg5 Rxc4 51. f4 Kf7 52. Ke2 Kg6 53. Kd3 Ra4 54. Bxh4 Rxf4 55. Bg3 Ra4 56. Ke2 Kf5 57. Be1 Re4+ 58. Kf2 g6 59. Bc3 Rc4 60. Ba1 Ke4 61. Kg3 Ke3 62. h4 Ra4 63. Bb2 Ke4 64. h5 gxh5 65. Kh4 Kf5+ 66. Kxh5 Rg4 67. Bc1 Rxg2 0-1

[Event "NCA-ch 2nd phase"]
[Site "Managua"]
[Date "2019.01.19"]
[Round "1"]
[White "Ferrufino, Michelle"]
[Black "Altamirano Beteta, Alexander Jose"]
[Result "1-0"]
[WhiteElo "1760"]
[BlackElo "1444"]
[PlyCount "89"]
[EventDate "2019.01.19"]
[EventType "swiss"]
[EventRounds "9"]
[EventCountry "NCA"]
[SourceTitle "CBM 189 Extra"]
[Source "ChessBase"]
[SourceDate "2019.06.03"]
[SourceVersion "1"]
[SourceVersionDate "2019.06.03"]
[SourceQuality "1"]

1. e4 e6 2. f4 d5 3. e5 Ne7 4. Nf3 c5 5. c3 d4 6. Bd3 Nbc6 7. Na3 Ng6 8. g3 a6 9. Nc2 Be7 10. h4 h5 11. Bxg6 fxg6 12. d3 b6 13. cxd4 cxd4 14. b3 Bb7 15. 0-0 b5 16. Bb2 Bc5 17. Ng5 Qd5 18. Ne4 Ne7 19. b4 Bb6 20. Nd6+ Kf8 21. Nxb7 Qxb7 22. Kh2 Nf5 23. Qe2 Kf7 24. Rac1 Qd5 25. Qe4 Qd7 26. Ne1 Ne3 27. Nf3 Nxf1+ 28. Rxf1 Bd8 29. Qxa8 Re8 30. Qe4 Qc7 31. Rc1 Qd7 32. Bxd4 Be7 33. Bc5 Rc8 34. d4 Kg8 35. Qxg6 Qd5 36. Ng5 Bxg5 37. hxg5 Qxa2+ 38. Kh3 Qd5 39. Qxh5 Qe4 40. g6 Qf5+ 41. Qxf5 exf5 42. e6 a5 43. Re1 a4 44. e7 Re8 45. d5 1-0

[Event "Managua Hurtado Memorial 18th"]
[Site "Managua"]
[Date "2018.12.29"]
[Round "7"]
[White "Rocha Garcia, Luis Alberto"]
[Black "Altamirano Beteta, Alexander Jose"]
[Result "0-1"]
[WhiteElo "1339"]
[BlackElo "1446"]
[PlyCount "74"]
[EventDate "2018.12.26"]
[EventType "swiss"]
[EventRounds "9"]
[EventCountry "NCA"]
[SourceTitle "EXT 2020"]
[Source "ChessBase"]
[SourceDate "2019.10.17"]
[SourceVersion "1"]
[SourceVersionDate "2019.10.17"]
[SourceQuality "1"]

1. c4 e6 2. g3 d5 3. e3 Nf6 4. d4 c6 5. Nf3 Ne4 6. c5 Nd7 7. Bg2 b6 8. b4 bxc5 9. bxc5 a5 10. 0-0 Ba6 11. Re1 Be7 12. Bd2 0-0 13. Nc3 Nxd2 14. Qxd2 f6 15. Rab1 e5 16. Kh1 e4 17. Ng1 Bd3 18. Rb2 f5 19. Bf1 Bxf1 20. Rxf1 Qe8 21. Rfb1 Nf6 22. Qe2 g5 23. f4 exf3 24. Nxf3 Ne4 25. Nxe4 dxe4 26. Ne5 Bf6 27. Qc4+ Kh8 28. Rb7 Bxe5 29. dxe5 Qxe5 30. R1b6 Rab8 31. Rf7 Rfd8 32. Rbb7 Rd1+ 33. Kg2 Rd2+ 34. Kh3 g4+ 35. Kh4 Rxh2+ 36. Kg5 f4+ 37. Kxg4 h5# 0-1